Quiz sur les Présidents américains - Statistiques

Statistiques générales
  • Ce quiz a été pris 393 fois
    382 depuis la dernière actualisation
  • Le résultat moyen est 11 sur 14
Statistiques - réponses
Question Réponse % Correct
Qui est le premier président afro-américain ? Barack Obama (2009-2017)
97%
Qui est le premier Président des Etats-Unis ? George Washington (1789-1797)
97%
Quel est le dernier président mort assassiné ? John F. Kennedy (1963)
95%
Quel président a aboli l'esclavage aux Etats-Unis,dirigé le pays pendant la Guerre de Sécession et meurt assassiné ? Abraham Lincoln (1865)
93%
Qui est le seul président à avoir démissionné suite au scandale du Watergate ? Richard Nixon (1974)
91%
Quel président a eu une carrière d'acteur avant d'entrer en politique ? Ronald Reagan (1981-1989)
86%
Quel président a été élu malgré 3 millions de voix de moins que son adversaire ? (Record dans une élection américaine) Donald Trump (2016)
74%
Quel président est le seul à avoir fait plus de deux mandats (4) et détient donc le record de longévité à la présidence ? Franklin Roosevelt (12 ans de 1933 à 1945)
73%
Quel est le plus ancien président encore en vie en 2017 ? (Ancien en terme de mandat et non d'âge) Jimmy Carter (1977-1981)
73%
Quel général de l'armée américaine lors de la Seconde Guerre mondiale devient président des Etats-Unis après la guerre ? Dwight Eisenhower (1953-1961)
69%
Quel président décide d'intervenir dans la Guerre du Viêt Nam ? Lyndon Johnson (1965)
63%
Quel président achète la Louisiane à la France ? Thomas Jefferson (1803)
57%
Qui est président au moment de la 1ère Guerre mondiale ? Woodrow Wilson (1913-1921)
57%
Quel président est le seul ayant été au pouvoir sans jamais être élu ni en tant que président,ni en tant que vice-président ? Gerald Ford (1974-1977)
45%
Aucun quiz correspondant
Distribution des résultats
% des personnes avec chaque résultat
Percentile par nombre de réponses
Votre historique - résultats
Vous n’avez pas pris ce quiz depuis la dernière actualisation